Review of the code of best practice on mobile phone network development (Record no. 105266)
[ view plain ]
| 000 -LEADER | |
|---|---|
| fixed length control field | 01509cam a2200217 4500 |
| 001 - CONTROL NUMBER | |
| control field | ##L132872 |
| 008 - FIXED-LENGTH DATA ELEMENTS--GENERAL INFORMATION | |
| fixed length control field | 060315n2006 000 0 eng u |
| 035 ## - SYSTEM CONTROL NUMBER | |
| System control number | (Sirsi) u132872 |
| 041 0# - LANGUAGE CODE | |
| Language code of text/sound track or separate title | eng |
| 050 04 - LIBRARY OF CONGRESS CALL NUMBER | |
| Classification number | 711.1 $2 18 |
| 110 1# - MAIN ENTRY--CORPORATE NAME | |
| Corporate name or jurisdiction name as entry element | United Kingdom |
| Subordinate unit | Office of the Deputy Prime Minister |
| 245 ## - TITLE STATEMENT | |
| Title | Review of the code of best practice on mobile phone network development |
| Remainder of title | final report |
| 260 ## - PUBLICATION, DISTRIBUTION, ETC. | |
| Place of publication, distribution, etc. | London |
| Name of publisher, distributor, etc. | ODPM |
| Date of publication, distribution, etc. | 2006 |
| 520 ## - SUMMARY, ETC. | |
| Summary, etc. | This is the final report of a study into the operation and effectiveness of the Code of Best Practice on Mobile Phone Network Development (CoBP) carried out by the University of Reading and Arup on behalf of the ODPM. Presents key findings on how local planning authorities have operated the guidance in CoBP and on the public perception of CoBP's effectiveness. COBP has significantly improved the process of planning for mobile network development, setting out what is expected of operators, agents and local planning authorities, but there remains a lack of trust. Where operators and agents comply with CoBP it is considered to be working well. Recommendations are made including the need to revise CoBP to reflect the ongoing evolution of network development. |
| 590 ## - LOCAL NOTE (RLIN) | |
| Local note | IKA280306 |
| 690 ## - LOCAL SUBJECT ADDED ENTRY--TOPICAL TERM (OCLC, RLIN) | |
| Topical term or geographic name as entry element | PROPERTY-INFRASTRUCTURE-TELECOMMUNICATIONS INFRASTRUCTURE |
| 710 2# - ADDED ENTRY--CORPORATE NAME | |
| Corporate name or jurisdiction name as entry element | University of Reading |
| 9 (RLIN) | 3273 |
| 710 2# - ADDED ENTRY--CORPORATE NAME | |
| Corporate name or jurisdiction name as entry element | Arup |
| 9 (RLIN) | 4773 |
| 856 40 - ELECTRONIC LOCATION AND ACCESS | |
| Uniform Resource Identifier | <a href="https://www.communities.gov.uk/index.asp?id=1163923">https://www.communities.gov.uk/index.asp?id=1163923</a> |
| Public note | View the report free of charge at www.dclg.org.uk... |
| 942 ## - ADDED ENTRY ELEMENTS (KOHA) | |
| Suppress in OPAC | 0 |
| Withdrawn status | Lost status | Source of classification or shelving scheme | Damaged status | Not for loan | Home library | Current library | Shelving location | Date acquired | Total Checkouts | Full call number | Barcode | Date last seen | Copy number | Price effective from | Koha item type |
|---|---|---|---|---|---|---|---|---|---|---|---|---|---|---|---|
| Dewey Decimal Classification | Virtual | Virtual | Online | 15/03/2006 | ONLINE PUBLICATION | 132872-2001 | 06/08/2019 | 1 | 06/08/2019 | Book |